Los cuentos de así fue como /

Guardado en:
Autor Principal: Kipling, Rudyard
Otros Autores: Merli, Alicia; trad.
Formato: Libro
Publicado: Buenos Aires : Ríos de tinta, 2010.
Series:Huellas
Materias:
Etiquetas: Agregar Etiqueta
Sin Etiquetas, Sea el primero en etiquetar este registro!
LEADER 01081nam a22002295a 4500
001 CEM.cems020022
008 230425s2010####ag############000#0#####d
005 20230425122853.0
245 1 0 |a Los cuentos de así fue como /  |c Rudyard Kipling; traducido por Alicia Merli. 
260 |a Buenos Aires :  |b Ríos de tinta,  |c 2010. 
300 |a 212 p. ; 19 cm. 
490 1 |a Huellas 
505 0 |a Cómo la Ballena obtuvo su garganta -- Cómo el Camello obtuvo su joroba -- Cómo el Rinoceronte obtuvo su piel -- Cómo el Leopardo obtuvo sus manchas -- El Hijo del Elefante -- La cantinela del viejo Canguro -- El origen de los Armadillos -- Cómo se escribió la primera carta -- Cómo se creó el abecedario -- El Cangrejo que jugaba con el mar -- El Gato que caminaba solo -- La Mariposa que dio un pisotón 
020 |a 979871789108 
100 1 |a Kipling, Rudyard 
700 1 |a Merli, Alicia; trad. 
082 0 4 |a 823 
653 |a Literatura 
653 |a Literatura inglesa 
653 |a Cuentos ingleses 
653 |a Cuentos 
859 |a CEMS  |b BIB. CEMS - Agricultura  |h 823  |i K628-3  |p A3519.23  |t Ej.1